[Event "8th South Wales Int"]
[Site "Penarth WLS"]
[Date "2011.07.11"]
[Round "4.20"]
[White "Hollan,Martin"]
[Black "Taylor,RG"]
[Result "1/2-1/2"]
[WhiteElo "1415"]
[BlackElo "1978"]

1.d4 Nf6 2.c4 g6 3.Nc3 d5 4.cxd5 Nxd5 5.e4 Nxc3 6.bxc3 Bg7 7.Bc4 O-O 8.Ne2 Nc6
9.O-O Na5 10.Bd3 b6 11.Be3 Bb7 12.Qd2 e6 13.Bh6 c5 14.Bxg7 Kxg7 15.Bc2 Rc8
16.Rac1 cxd4 17.cxd4 Nc4 18.Qd3 Qd7 19.Bb3 Na5 20.Bc2 Rfd8 21.Rfd1 Nc4 22.Qg3 Nb2
23.Rd2 Ba6 24.Qf3 Bxe2 25.Qxe2 Nc4 26.Rdd1 Qe7 27.Bb3 Na5 28.Qe3 Nxb3 29.axb3 Qb4
30.Rxc8 Rxc8 31.Qd3 Qa3 32.h3 Rc1 33.Rxc1 Qxc1+ 34.Kh2 Kf8 35.Kg3 Ke7 36.f3 b5
37.d5 exd5 38.Qxd5 a6 39.e5 Qc3  1/2-1/2

[Event "XXVI Tadeusza Gniota"]
[Site "Police POL"]
[Date "2011.07.11"]
[Round "7.9"]
[White "Kula,R"]
[Black "Jacek,K"]
[Result "1/2-1/2"]
[WhiteElo "2351"]
[BlackElo "2111"]

1.d4 Nf6 2.c4 g6 3.Nc3 d5 4.cxd5 Nxd5 5.e4 Nxc3 6.bxc3 Bg7 7.Bc4 c5 8.Ne2 Nc6
9.Be3 O-O 10.O-O Bg4 11.f3 Na5 12.Bd3 cxd4 13.cxd4 Be6 14.Qa4 Bd7 15.Qb4 Nc6
16.Qb2 b5 17.Rac1 Qb6 18.Bf2 Rac8 19.e5 Qb8 20.f4 Na5 21.d5 Nc4 22.Bxc4 Rxc4
23.Rxc4 bxc4 24.Qxb8 Rxb8 25.Bxa7 Ra8 26.Bd4 Rxa2 27.Nc3 Rd2 28.Rd1 Rxd1+
29.Nxd1 Bh6 30.Be3 f6 31.e6 Bc8 32.g3 f5 33.Bd4 Bg7 34.Bxg7 Kxg7 35.Kf2 Kh6
36.Nc3 Bb7 37.Ke3 g5 38.Kd4 gxf4 39.gxf4 Kh5 40.Ke5 Kg6 41.h3 Bc8 42.h4 Kh5
43.d6 exd6+ 44.Kxd6 Bxe6 45.Kxe6 Kg4 46.Nd5 h5 47.Ke5 Kxh4 48.Kxf5 Kg3 49.Ke4 h4
50.f5 h3 51.Ne3 c3 52.Kd3 h2 53.Nf1+ Kf4 54.Nxh2 Kxf5 55.Kxc3  1/2-1/2

[Event "St Pauli Open"]
[Site "Hamburg GER"]
[Date "2011.07.12"]
[Round "5.24"]
[White "Hein,R"]
[Black "Kemeny,M"]
[Result "1/2-1/2"]
[WhiteElo "2144"]
[BlackElo "2038"]

1.c4 Nf6 2.d4 g6 3.Nc3 d5 4.cxd5 Nxd5 5.e4 Nxc3 6.bxc3 Bg7 7.Bc4 c5 8.Ne2 Nc6
9.Be3 O-O 10.O-O Bg4 11.f3 Na5 12.Bd5 Bd7 13.dxc5 e6 14.Bb3 Bb5 15.Rf2 Bxe2
16.Qxe2 Bxc3 17.Rd1 Qc7 18.Rc1 Bf6 19.Ba4 Rfd8 20.f4 Bd4 21.f5 exf5 22.exf5 Qe5
23.Bxd4 Qxe2 24.Rxe2 Rxd4 25.Be8 Kf8 26.Rce1 Rdd8 27.fxg6 hxg6 28.Bb5 Rac8
29.Re5 a6 30.Ba4 Rc7 31.Kf2 Rd4 32.Bb3 Nxb3 33.axb3 Rb4 34.R1e3 Rc6 35.Rd3 Rb5
36.Rc3 Kg7 37.Ke3 Kf6 38.Kd4 Rb4+ 39.Kd5 Rf4 40.g3 Rf2 41.Rd3 Rxh2 42.Rf3+ Kg7
43.Re7 Rd2+ 44.Kc4 Rc2+ 45.Kb4 b6 46.Rexf7+ Kh6 47.cxb6 Rxb6+ 48.Ka3 Kg5
49.R7f4 Rc1 50.Rd3 Ra1+ 51.Kb2 Ra5 52.Rc4 Rf5 53.Ka3 Rbf6 54.Rdd4 Re6 55.Ka4 Rf3
56.Rc5+ Kf6 57.g4 Rb6 58.g5+ Kg7 59.b4 Rb7 60.Ra5 Rf1 61.Rad5 Ra1+ 62.Kb3 Rb1+
63.Ka3 Rf1 64.Rd7+ Rf7 65.Rxb7 Rxb7 66.Rc4 Rb5 67.Rc5 Kf7 68.Kb3 Ke7 69.Kc4 Rb6
70.Re5+ Kd6 71.Re8 Rc6+ 72.Kd4 Rc1 73.Rf8 Rd1+ 74.Kc4 Rc1+ 75.Kb3 Rb1+ 76.Ka3 Ra1+
77.Kb2 Re1 78.Ra8 Re2+ 79.Kb3 Re3+ 80.Ka4 Ke7 81.Rxa6 Kf7 82.Ra7+ Ke6 83.b5 Re1
84.b6 Ra1+ 85.Kb5 Rb1+ 86.Kc6 Rc1+ 87.Kb7 Rc5 88.Ka6 Rxg5 89.Rc7 Rg1 90.Rc5 Kd6
91.Rc3 Ra1+ 92.Kb7 Rd1 93.Kc8 Rb1 94.b7 Ke5 95.Rc4 g5 96.b8=Q+ Rxb8+ 97.Kxb8 Kf5
98.Kc7 g4 99.Kd6 g3 100.Kd5 g2 101.Rc8 Kf4 102.Rg8 Kf3 103.Kd4 Kf2 104.Rf8+ Kg3  1/2-1/2

[Event "111th ch-SUI"]
[Site "Leukerbad SUI"]
[Date "2011.07.13"]
[Round "7"]
[White "Netzer,Je"]
[Black "Hugentobler,P"]
[Result "1/2-1/2"]
[WhiteElo "2409"]
[BlackElo "2232"]

1.d4 Nf6 2.c4 g6 3.Nc3 d5 4.cxd5 Nxd5 5.e4 Nxc3 6.bxc3 Bg7 7.Be3 c5 8.Qd2 Qa5
9.Rc1 cxd4 10.cxd4 Qxd2+ 11.Kxd2 Nc6 12.d5 Nb4 13.Bb5+ Bd7 14.Bxd7+ Kxd7
15.Rb1 Rhc8 16.a3 Nc2 17.Rxb7+ Ke8 18.Bg5 Nxa3 19.Rxe7+ Kf8 20.Rb7 Nc4+ 21.Ke2 Re8
22.f3 a5 23.Rc7 Rec8 24.d6 Rxc7 25.dxc7 Rc8 26.Bd8 a4 27.f4 Nd6 28.e5 Nb7
29.Nf3 Nxd8 30.cxd8=Q+ Rxd8 31.Ra1 Ra8 32.Ng5 h6 33.Ne4 a3 34.Ra2 Ke7 35.Kd3 Ke6
36.Nc3 Kf5 37.g3 g5 38.Ke3 gxf4+ 39.gxf4 f6 40.Nb5 fxe5 41.fxe5 Bf8 42.e6 Ke5
43.Kd3 Rd8+ 44.Kc4 Kxe6  1/2-1/2

[Event "111th ch-SUI"]
[Site "Leukerbad SUI"]
[Date "2011.07.13"]
[Round "7"]
[White "Schiendorfer,E"]
[Black "Kriste,V"]
[Result "1/2-1/2"]
[WhiteElo "2304"]
[BlackElo "2169"]

1.d4 Nf6 2.c4 g6 3.Nc3 d5 4.cxd5 Nxd5 5.e4 Nxc3 6.bxc3 Bg7 7.Bc4 c5 8.Ne2 Nc6
9.Be3 O-O 10.O-O e6 11.dxc5 Ne5 12.Bb3 Qa5 13.Bd4 Rd8 14.Qc2 b6 15.cxb6 axb6
16.Rfd1 Ba6 17.Nf4 Re8 18.c4 Bh6 19.Bc3 Qc5 20.Nd3 Nxd3 21.Qxd3 Rac8 22.Bd4 Bxc4
23.Qf3 Qb5 24.Rab1 Bxb3 25.Rxb3 Qa5 26.Ra3 Qb4 27.Qf6 e5 28.Ra7 Qf8 29.Bxe5 Bg7
30.Qxg7+ Qxg7 31.Bxg7 Kxg7 32.f3 Ra8 33.Rdd7 Rxa7 34.Rxa7 h5 35.a4 Rb8 36.e5 Kf8
37.Kf2 b5 38.a5 b4 39.a6 b3 40.Rb7 Ra8 41.a7 b2 42.Kg3 Rxa7 43.Rxb2 Ra4 44.Rb7 Rc4
45.Kh3 Ra4 46.g3 Ra2 47.f4 Re2 48.Kh4 Kg7 49.Kg5 Re3 50.Re7 Re2 51.Ra7 Re3
52.Rb7 Re2 53.Re7 Ra2 54.h3 Ra3 55.f5 gxf5 56.e6 Rxg3+ 57.Kf4 Rxh3 58.Rxf7+ Kg8
59.Rxf5 Ra3 60.Kg5 Ra8 61.Kxh5 Re8 62.Rf6 Kg7 63.Kg5 Re7 64.Kf5 Ra7 65.Rg6+ Kf8
66.Kf6 Rf7+ 67.Ke5 Ra7 68.Rg1 Ra2 69.Rd1 Ke7 70.Rd7+ Ke8 71.Rd4 Ke7 72.Rd7+ Ke8
73.Rh7 Re2+  1/2-1/2

[Event "St Pauli Open"]
[Site "Hamburg GER"]
[Date "2011.07.14"]
[Round "7.43"]
[White "Tscherepanov,L"]
[Black "Kemeny,M"]
[Result "0-1"]
[WhiteElo "1841"]
[BlackElo "2038"]

1.c4 Nf6 2.Nc3 d5 3.d4 g6 4.cxd5 Nxd5 5.e4 Nxc3 6.bxc3 Bg7 7.Bc4 c5 8.Ne2 O-O
9.Be3 Nc6 10.h3 cxd4 11.cxd4 Na5 12.Bd3 Be6 13.O-O Bc4 14.Qd2 b5 15.Rac1 Rc8
16.Rc2 Bxd3 17.Rxc8 Qxc8 18.Qxd3 Nc4 19.Rc1 Qd7 20.Qb3 Nxe3 21.Qxe3 Rd8 22.d5 Be5
23.Qc5 a6 24.Qc6 Qa7 25.Qc5 Qb7 26.Qc6 Qa8 27.Rc2 b4 28.f4 Qa7+ 29.Qc5 Bb8
30.Kf1 Qxc5 31.Rxc5 Kg7 32.Ke1 Rd7 33.g3 Bc7 34.Rc6 a5 35.Ra6 Bd8 36.Nc1 Rc7
37.Rc6 Rxc6 38.dxc6 e6 39.e5 Kf8 40.Nb3 Ke7 41.Nd4 Bb6 42.Nb5 h5 43.Ke2 Bc5
44.Kd3 Bf2 45.g4 Bg3 46.Ke4 a4 47.Kf3 Be1 48.Ke2 Bg3 49.Kf3 Bh2 50.Ke4 a3
51.Nd4 Bg1 52.Nb3 Kd8 53.gxh5 gxh5 54.f5 Kc7 55.fxe6 fxe6 56.Kd3 Bf2 57.Kc4 Kxc6
58.Kxb4 Kd5 59.Kxa3 Kxe5 60.Kb4 Kf4 61.Nc1 Ba7 62.Kc4 Kg3 63.Ne2+ Kxh3 64.Nf4+ Kg4
65.Nxe6 h4 66.Ng5 Kxg5 67.Kd3  0-1

[Event "St Pauli Open"]
[Site "Hamburg GER"]
[Date "2011.07.14"]
[Round "7.52"]
[White "Ditmas,H"]
[Black "Seidel,Mik"]
[Result "1-0"]
[WhiteElo "1912"]
[BlackElo "1869"]

1.d4 Nf6 2.c4 g6 3.Nc3 d5 4.cxd5 Nxd5 5.e4 Nxc3 6.bxc3 Bg7 7.Nf3 c5 8.Rb1 Qa5
9.Rb5 Qxc3+ 10.Bd2 Qa3 11.Rxc5 O-O 12.Bc4 Bg4 13.Ra5 Qd6 14.Bc3 e6 15.O-O Nc6
16.e5 Qc7 17.Rb5 Nxe5 18.Rc5 Nc6 19.Bb5 Qb6 20.Bxc6 bxc6 21.h3 Bf5 22.Re1 Rfd8
23.Qa4 Rac8 24.Ba5 Qa6 25.Ne5 Bxe5 26.dxe5 Rd5 27.Rec1 Bd3 28.Qf4 Bb5 29.Bd2 Qxa2
30.R5c2 Qa3 31.Qf6 Rxd2 32.Rc3 Qf8 33.Ra1 a6 34.h4 Qd8 35.Qf4 Rd4 36.Qc1 Qxh4
37.Rh3 Qf4 38.Qc5 Rcd8 39.g3 Rd1+ 40.Rxd1 Rxd1+  1-0

[Event "SPA Open A"]
[Site "Amsterdam NED"]
[Date "2011.07.15"]
[Round "7"]
[White "Riemersma,L"]
[Black "Sedlak,N"]
[Result "0-1"]
[WhiteElo "2416"]
[BlackElo "2580"]

1.d4 Nf6 2.c4 g6 3.Nc3 d5 4.cxd5 Nxd5 5.e4 Nxc3 6.bxc3 Bg7 7.Nf3 c5 8.Rb1 O-O
9.Be2 Nc6 10.d5 Ne5 11.Nxe5 Bxe5 12.Qd2 e6 13.f4 Bc7 14.O-O exd5 15.exd5 Ba5
16.d6 Rb8 17.Bf3 b5 18.Bb2 Bf5 19.Rbd1 c4 20.Qd5 Qf6 21.Be4 Bxe4 22.Qxe4 Bxc3
23.Bxc3 Qxc3 24.d7 Qf6 25.f5 g5 26.h4 h6 27.Rd5 gxh4 28.Rfd1 c3 29.Qd3 Rfd8
30.Rd6 Qe5 31.Rxh6 c2 32.Rxh4 cxd1=Q+ 33.Qxd1 Rb6 34.Qg4+ Kf8 35.Qb4+ Rd6
36.Rh8+ Ke7 37.f6+ Kxd7  0-1

[Event "III Corporation Cup A"]
[Site "Izhevsk RUS"]
[Date "2011.07.15"]
[Round "1"]
[White "Shurunov,An"]
[Black "Demianjuk,A"]
[Result "0-1"]
[WhiteElo "1930"]
[BlackElo "2317"]

1.d4 Nf6 2.c4 g6 3.Nc3 d5 4.cxd5 Nxd5 5.e4 Nxc3 6.bxc3 Bg7 7.Bc4 c5 8.Ne2 Nc6
9.Be3 O-O 10.O-O Na5 11.Bd3 b6 12.Rb1 cxd4 13.cxd4 Bb7 14.Qd2 e6 15.Rfc1 Qd7
16.Bb5 Qe7 17.f3 Rfc8 18.Bf2 Qd8 19.h3 Rxc1+ 20.Rxc1 Rc8 21.Rxc8 Bxc8 22.Qc2 Bb7
23.Qc3 h5 24.Qd3 Nc6 25.a3 Na5 26.Be1 Qc8 27.Bxa5 bxa5 28.Bc4 Bf8 29.Ba2 Ba6
30.Qd2 Bxa3 31.Qxa5 Bd6 32.Qc3 Qb8 33.Bc4 Qb1+ 34.Kf2 Bb4 35.Qb3 Qe1+ 36.Ke3 Qd2+
37.Kf2 Qe1+ 38.Ke3 Bc8 39.Qc2 a5 40.Bb5 Bb7 41.Qc1 Qh4 42.Kd3 Qd8 43.e5 Qa8
44.Ke3 a4 45.Qa1 a3 46.Bc4 Bd5 47.Ba2 Qa4 48.Bxd5 exd5 49.Qa2 Qd1  0-1

[Event "3rd Artemis Cup"]
[Site "Leros GRE"]
[Date "2011.07.15"]
[Round "5.8"]
[White "Pavlidou,E"]
[Black "Hunt,A"]
[Result "0-1"]
[WhiteElo "2220"]
[BlackElo "2436"]

1.d4 Nf6 2.c4 g6 3.Nc3 d5 4.cxd5 Nxd5 5.e4 Nxc3 6.bxc3 Bg7 7.Bc4 c5 8.Ne2 Nc6
9.Be3 O-O 10.O-O Bd7 11.Rb1 Rc8 12.dxc5 Qc7 13.Nf4 e6 14.Qc1 Ne5 15.Be2 Bc6
16.Qc2 Qa5 17.Rb4 Rfd8 18.Rfb1 a6 19.Qc1 Bf8 20.Bd4 Bxc5 21.Nh5 Rxd4 22.Rxd4 gxh5
23.Qg5+ Ng6 24.Qxh5 Qxa2 25.Rdd1 Bxe4 26.Ra1 Qb2 27.Ra5 Qb6  0-1

[Event "Open ch-SVK A"]
[Site "Banska Stiavnica SVK"]
[Date "2011.07.16"]
[Round "8"]
[White "Aczel,G"]
[Black "Csiba,D"]
[Result "1-0"]
[WhiteElo "2470"]
[BlackElo "2355"]

1.d4 Nf6 2.c4 g6 3.Nc3 d5 4.cxd5 Nxd5 5.e4 Nxc3 6.bxc3 Bg7 7.Bc4 c5 8.Ne2 Nc6
9.Be3 O-O 10.O-O Qc7 11.Rc1 Rd8 12.Bf4 Be5 13.Bxe5 Nxe5 14.Bb3 Ng4 15.Ng3 Qf4
16.Qe1 Nf6 17.e5 Nd5 18.Ne2 Qe4 19.Qd2 cxd4 20.cxd4 Bd7 21.Bxd5 Qxd5 22.Nf4 Qb5
23.Rc5 Qa6 24.Ra5 Qb6 25.Nd5 Qe6 26.Nc7 Qg4 27.f3 Qh4 28.Nxa8 Rxa8 29.d5 Rd8
30.Qc3  1-0

[Event "10th Condom GM"]
[Site "Condom FRA"]
[Date "2011.07.16"]
[Round "10"]
[White "Cossin,S"]
[Black "Demuth,A"]
[Result "1/2-1/2"]
[WhiteElo "2502"]
[BlackElo "2427"]

1.d4 Nf6 2.c4 g6 3.Nc3 d5 4.cxd5 Nxd5 5.e4 Nxc3 6.bxc3 Bg7 7.Bg5 O-O 8.Nf3 c5
9.Rc1 cxd4 10.cxd4 Bg4 11.d5 Nd7 12.Be2 Nf6 13.h3 Bd7 14.Bd3 h6 15.Bxf6 exf6
16.O-O Re8 17.Qb3 Qb8 18.Rb1 b6 19.Rbc1 Qf4 20.Nd4 f5 21.Ne2 Qh4 22.exf5 Bxf5
23.Bxf5 Rxe2 24.Qf3 Rd2 25.Bd7 Rd8  1/2-1/2

[Event "III Corporation Cup A"]
[Site "Izhevsk RUS"]
[Date "2011.07.16"]
[Round "2"]
[White "Ozolin,M"]
[Black "Bezzubenkov,S"]
[Result "1/2-1/2"]
[WhiteElo "2381"]
[BlackElo "2118"]

1.d4 Nf6 2.c4 g6 3.Nc3 d5 4.cxd5 Nxd5 5.e4 Nxc3 6.bxc3 Bg7 7.Be3 c5 8.Qd2 Qa5
9.Rc1 O-O 10.Nf3 Bg4 11.Ng5 Nc6 12.h3 cxd4 13.cxd4 Qxd2+ 14.Kxd2 Bd7 15.d5 Nd4
16.Rc7 Rfd8 17.Rxb7 Rab8 18.Rxb8 Rxb8 19.Bc4 Ba4 20.Bxd4 Bxd4 21.Kd3 Bxf2
22.Rf1 Rb2 23.e5 h6 24.Ne4 Bb6 25.d6 e6 26.Nd2 Ba5 27.Nb3 Bxb3 28.Bxb3 Rd2+
29.Ke4 Re2+ 30.Kf3 Rxe5 31.Rc1 Kg7 32.Rc8 Bb6 33.g4 Re3+ 34.Kg2 Rd3 35.Rc6 Kf6
36.Bc4 Rd4 37.Kf3 Ke5 38.h4 g5 39.hxg5 hxg5 40.Bb3 Rd3+ 41.Ke2 Rd4 42.Kf3 Rd2
43.Bc4 Bg1 44.Bb3 f5 45.d7 Rf2+ 46.Ke3 Rc2+ 47.Kf3 Rf2+ 48.Ke3 Rc2+ 49.Kf3  1/2-1/2

[Event "SPA Open A"]
[Site "Amsterdam NED"]
[Date "2011.07.17"]
[Round "9"]
[White "Harmsen,Michiel"]
[Black "Brookes,C"]
[Result "0-1"]
[WhiteElo "2140"]
[BlackElo "2056"]

1.d4 Nf6 2.c4 g6 3.Nc3 d5 4.cxd5 Nxd5 5.e4 Nxc3 6.bxc3 Bg7 7.Be3 O-O 8.Qd2 c5
9.Rc1 e6 10.Nf3 Qc7 11.h4 Nc6 12.Be2 cxd4 13.cxd4 Qa5 14.Qxa5 Nxa5 15.O-O Rd8
16.Rfd1 b6 17.Bd2 Bb7 18.Bxa5 bxa5 19.e5 Rac8 20.Rxc8 Rxc8 21.Ne1 Bd5 22.Bd3 Bf8
23.Bb1 a4 24.Nd3 Rc3 25.g3 Ra3 26.Rd2 a5 27.Nf4 Bh6 28.Rd3 Rxd3 29.Nxd3 Bd2
30.Kf1 Bc3 31.Ke2 Bxd4 32.f4 h5 33.Ne1 Bc4+ 34.Kf3 Kf8 35.Nd3 Bd5+ 36.Ke2 Ke7
37.Nc1 Kd8 38.Bc2 Bb2 39.Nd3 Ba3 40.Bb1 Kc7 41.Nf2 Kb6 42.Ne4 Be7 43.Nc3 Bc4+
44.Kf3 Kc5 45.Nxa4+ Kb5 46.Nc3+ Kb4 47.Ne4 Ka3 48.Nd6 Bxa2 49.Bd3 Bd5+ 50.Ke3 a4
51.Bb5 Kb4 52.Bxa4 Kxa4 53.Nxf7 Bc6 54.Nh8 Be8 55.Kf3 Bf8 56.g4 Bg7 57.Nxg6 Bxg6
58.gxh5 Bxh5+ 59.Ke4 Bg6+  0-1

[Event "St Pauli Open"]
[Site "Hamburg GER"]
[Date "2011.07.17"]
[Round "9.7"]
[White "Meyer,Mal"]
[Black "Rossen,C"]
[Result "1/2-1/2"]
[WhiteElo "2315"]
[BlackElo "2144"]

1.d4 Nf6 2.c4 g6 3.Nc3 d5 4.cxd5 Nxd5 5.e4 Nxc3 6.bxc3 Bg7 7.Bc4 c5 8.Ne2 Nc6
9.Be3 O-O 10.O-O Bd7 11.Rb1 a6 12.dxc5 Qc7 13.Bf4 Ne5 14.Bd5 Rab8 15.Rb4 e6
16.Bb3 Bb5 17.a4 Bxe2 18.Qxe2 Qxc5 19.Rc1 Rfd8 20.Be3 Qc6 21.Rd4 b5 22.Bf4 Rbc8
23.Qd1 Qb6 24.axb5 axb5 25.Bg5 Rxd4 26.cxd4 Rxc1 27.Bxc1 Nc4 28.d5 exd5 29.Qxd5 Bd4
30.Bh6 Bxf2+ 31.Kf1 Bh4 32.g3 Be7 33.Bxc4 bxc4 34.Qxc4 Qe6 35.Qxe6 fxe6 36.Be3 g5
37.g4 Kf7 38.Ke2 Kg6 39.Kf3 Bd6 40.h3 Kf6 41.Bd4+ e5 42.Be3 Be7 43.Ke2 Ke6
44.Kd3 Kd6 45.Kc4 Kc6 46.Bd2 Bd8 47.Bb4 Bb6 48.Be7 Be3 49.Bf8 Bc1 50.Bg7 Bf4
51.Bf6 Kd6 52.Kb5 Ke6 53.Bd8 Kd6 54.Ba5 Bc1 55.Bb4+ Ke6 56.Kc6 Be3 57.Kc7 Bg1
58.Kd8 Kf7 59.Kd7 Kf6 60.Be7+ Kf7 61.Bd8 Bh2 62.Kd6 Bf4 63.Kd5 h6 64.Bc7 Kf6
65.Bd6 Bg3 66.Bb8 Bf4 67.Bd6 Bg3 68.Bf8 Be1 69.Bxh6 Bb4 70.Bxg5+ Kxg5 71.Kxe5 Bc3+
72.Ke6 Kf4 73.Kf7 Kxe4 74.Kg6 Kf4 75.Kh5 Bf6 76.h4 Bg7 77.Kg6 Kxg4 78.Kxg7 Kxh4  1/2-1/2

[Event "3rd Artemis Cup"]
[Site "Leros GRE"]
[Date "2011.07.17"]
[Round "7.5"]
[White "Pavlidis,Ana"]
[Black "Hunt,A"]
[Result "0-1"]
[WhiteElo "2323"]
[BlackElo "2436"]

1.d4 Nf6 2.c4 g6 3.Nc3 d5 4.cxd5 Nxd5 5.e4 Nxc3 6.bxc3 Bg7 7.Nf3 c5 8.Rb1 O-O
9.Be2 Qc7 10.O-O Rd8 11.Qb3 Nc6 12.d5 Ne5 13.c4 f5 14.Nxe5 Bxe5 15.exf5 Bxf5
16.Bd3 Bxd3 17.Qxd3 Bxh2+ 18.Kh1 Be5 19.Bh6 Rd7 20.f4 Bf6 21.Rbe1 b5 22.f5 g5
23.Qe4 Rad8 24.Qe6+ Kh8 25.Re3 bxc4 26.Qf7 g4 27.Rf4 Rxd5 28.Rxe7 Qxe7 29.Bg7+ Bxg7
30.Qxe7 g3 31.Rf1 Rd1 32.Qe2 Rxf1+ 33.Qxf1 Bf6 34.Qb1 Re8 35.Qc1 Bd4 36.a4 Re4  0-1

[Event "XIII Gdansk Open"]
[Site "Gdansk POL"]
[Date "2011.07.18"]
[Round "3.22"]
[White "Pofelski,A"]
[Black "Teclaf,Pawel"]
[Result "1/2-1/2"]
[WhiteElo "1892"]
[BlackElo "1509"]

1.d4 Nf6 2.c4 g6 3.Nc3 d5 4.cxd5 Nxd5 5.e4 Nxc3 6.bxc3 Bg7 7.Bc4 c5 8.Be3 Nc6
9.Ne2 cxd4 10.cxd4 O-O 11.O-O b6 12.Rc1 Bb7 13.Bd5 Rc8 14.Qa4 Qd7 15.f3 e6
16.Bb3 a6 17.d5 exd5 18.Bxd5 b5 19.Qa3 Ne7 20.Bxb7 Qxb7 21.Rfd1 Rfd8 22.Rxd8+ Rxd8
23.Qa5 Nc6 24.Qb6 Qxb6 25.Bxb6 Nd4 26.Kf1 Nxe2 27.Kxe2 Rb8 28.Rc6 a5 29.Bxa5 Ra8
30.Bb4 Rxa2+ 31.Kd3 h5 32.Rc2 Ra4 33.Bc5 b4 34.Kc4 Kh7 35.Bxb4 Bf8 36.Rb2 Bxb4
37.Rxb4 Ra2 38.g3 Rxh2 39.Rb3 Rh3 40.f4 h4 41.gxh4 Rxh4 42.Rf3 g5 43.fxg5 Rxe4+
44.Kd5 Rg4 45.Rxf7+  1/2-1/2

[Event "Najdorf Memorial"]
[Site "Warsaw POL"]
[Date "2011.07.18"]
[Round "6.23"]
[White "Klim,K"]
[Black "Klepaczka,T"]
[Result "1-0"]
[WhiteElo "2328"]
[BlackElo "2144"]

1.d4 Nf6 2.c4 g6 3.Nc3 d5 4.cxd5 Nxd5 5.e4 Nxc3 6.bxc3 Bg7 7.Bc4 c5 8.Ne2 O-O
9.Be3 Nc6 10.Rc1 cxd4 11.cxd4 Qa5+ 12.Kf1 Qa3 13.Rc3 Qd6 14.h4 Rd8 15.h5 Nxd4
16.Nxd4 Bxd4 17.Rd3 e5 18.hxg6 Qxg6 19.Bg5 Rd6 20.Rh6 Qxg5 21.Rxd6 Bg4 22.Rg3 h5
23.Be2 f5 24.exf5 Qf4 25.Rxd4 exd4 26.Bxg4 h4 27.Rf3 Qxg4 28.f6  1-0

[Event "16th Balaguer Open"]
[Site "Balaguer ESP"]
[Date "2011.07.20"]
[Round "4"]
[White "Gomez Ledo,R"]
[Black "Moradiabadi,E"]
[Result "0-1"]
[WhiteElo "2428"]
[BlackElo "2532"]

1.d4 Nf6 2.c4 g6 3.Nc3 d5 4.cxd5 Nxd5 5.e4 Nxc3 6.bxc3 Bg7 7.Bc4 c5 8.Ne2 O-O
9.O-O Nc6 10.Be3 Qc7 11.Rc1 Na5 12.Bd3 b6 13.Qd2 e5 14.Bh6 Bxh6 15.Qxh6 f6
16.f4 Qg7 17.Qh4 Be6 18.d5 Bd7 19.fxe5 fxe5 20.c4 Nb7 21.Rxf8+ Rxf8 22.Rf1 Rxf1+
23.Kxf1 Qf7+ 24.Ke1 Kg7 25.Ng1 Qf6 26.Qg3 Nd6 27.Nf3 Nf7 28.Be2 g5 29.Nd2 Qf4
30.Qa3 Qxh2 31.Qxa7 Qg3+ 32.Kd1 Bg4 33.Bxg4 Qxg4+ 34.Kc2 Qxg2 35.d6 Qf2 36.d7 Qf6
37.Nf3 Kg6 38.Qb8 Qxf3 39.Qg8+ Kh5  0-1

[Event "4th Paleohora Open"]
[Site "Paleochora GRE"]
[Date "2011.07.20"]
[Round "1"]
[White "Koutsogiannopoulou,T"]
[Black "Kohlweyer,B"]
[Result "0-1"]
[WhiteElo "1829"]
[BlackElo "2494"]

1.d4 Nf6 2.c4 g6 3.Nc3 d5 4.cxd5 Nxd5 5.e4 Nxc3 6.bxc3 Bg7 7.Bc4 c5 8.Ne2 Nc6
9.Be3 O-O 10.O-O Bd7 11.Qd2 Qa5 12.Rfd1 Rac8 13.Rac1 cxd4 14.cxd4 Qxd2 15.Rxd2 Na5
16.Bd3 Rxc1+ 17.Nxc1 Rc8 18.Rc2 Rxc2 19.Bxc2 Nc4 20.Ne2 Nxe3 21.fxe3 e5 22.d5 Bf8
23.Kf2 Ba3 24.Nc3 a6 25.Ke2 Kf8 26.Kd3 Ke7 27.Nb1 Bb4 28.Nc3 Kd6 29.Bb3 f5
30.exf5 gxf5 31.a4 Kc5 32.e4 Bxc3 33.exf5 Ba5 34.Ke4 Kd6 35.f6 Be8 36.Kf5 Bg6+
37.Kg5 Bd2+ 38.Kh4 e4 39.g4 h6 40.Kg3 Bg5 41.h4 Bxf6 42.h5 Bh7  0-1

[Event "Czech Open G Rapid"]
[Site "Pardubice CZE"]
[Date "2011.07.20"]
[Round "1.6"]
[White "Zakhartsov,Vi"]
[Black "Wagener,Cl"]
[Result "1-0"]
[WhiteElo "2578"]
[BlackElo "2232"]

1.d4 Nf6 2.c4 g6 3.Nc3 d5 4.cxd5 Nxd5 5.e4 Nxc3 6.bxc3 Bg7 7.Be3 c5 8.Rc1 Qa5
9.Qd2 cxd4 10.cxd4 Qxd2+ 11.Kxd2 O-O 12.Bd3 Nc6 13.Ne2 Rd8 14.Rc4 f5 15.Rb1 Be6
16.Ra4 b6 17.Bb5 Na5 18.Nf4 Bd7 19.Bxd7 Rxd7 20.exf5 gxf5 21.Ke2 Rc8 22.Rb5 Rc4
23.Rbxa5  1-0

[Event "13th Sant Marti Open"]
[Site "Barcelona ESP"]
[Date "2011.07.21"]
[Round "9"]
[White "Gonzalez Garcia,J2"]
[Black "Abreu Delgado,A"]
[Result "1-0"]
[WhiteElo "2522"]
[BlackElo "2479"]

1.d4 Nf6 2.c4 g6 3.Nc3 d5 4.cxd5 Nxd5 5.e4 Nxc3 6.bxc3 Bg7 7.Nf3 c5 8.Be3 Qa5
9.Qd2 O-O 10.Rc1 Rd8 11.d5 e6 12.Bg5 f6 13.Be3 Nc6 14.h4 exd5 15.exd5 c4
16.Bxc4 Be6 17.Rd1 Ne7 18.Bb3 Nxd5 19.Bd4 Nc7 20.O-O Re8 21.Rfe1 Bxb3 22.axb3 a6
23.Qd3 Qb5 24.c4 Qc6 25.h5 gxh5 26.Qf5 Rxe1+ 27.Rxe1 Re8 28.Be3 b5 29.Nd4 Qe4
30.Qxh5 bxc4 31.bxc4 Re5 32.Qh3 Ne8 33.Nf3 Re7 34.Bc5 Qxe1+ 35.Nxe1 Rxe1+
36.Kh2 Bf8 37.Qg4+ Ng7 38.Bxf8 Kxf8 39.Qc8+ Ne8 40.Qxa6 Re7 41.c5 Rg7 42.c6 Kg8
43.Qa3 Rc7 44.Qc5 Rg7 45.g3 Rc7 46.Kg2 Kf7 47.Qd5+ Kf8 48.Qe6 Re7 49.Qf5 Rc7
50.Qc5+ Kf7 51.f4 Re7 52.Qd5+ Kf8 53.Kf3 Nc7 54.Qd8+ Ne8 55.Kg4 Kf7 56.Qd5+ Kf8
57.Kh5 Rg7 58.g4 Rf7 59.Kh6 Rg7 60.Qc5+ Kg8 61.Qe3 Rg6+ 62.Kh5 Kf7 63.Qb3+ Kf8
64.Qb4+ Kg8 65.c7  1-0

[Event "Open NK"]
[Site "Dieren NED"]
[Date "2011.07.21"]
[Round "3"]
[White "Fier, Alexandr"]
[Black "Deepan Chakkravarthy"]
[Result "1-0"]
[WhiteElo "2566"]
[BlackElo "2470"]

1.d4 Nf6 2.c4 g6 3.Nc3 d5 4.cxd5 Nxd5 5.e4 Nxc3 6.bxc3 Bg7 7.Bc4 c5 8.Ne2 O-O
9.O-O Nc6 10.Be3 Qc7 11.Rc1 Rd8 12.Bf4 Be5 13.Bxe5 Nxe5 14.Bb3 Ng4 15.Ng3 Qf4
16.Qe2 cxd4 17.Rcd1 e5 18.h3 Nf6 19.cxd4 exd4 20.Qb2 d3 21.Bd5 Nxd5 22.Rxd3 Bxh3
23.exd5 Bd7 24.Rf3 Qc4 25.Rd1 Rac8 26.Qf6 Be6 27.Rd4 Qc1+ 28.Kh2 Rxd5 29.Rxd5 Bxd5
30.Nf5 gxf5 31.Rg3+ Kf8 32.Qd6+  1-0

[Event "Czech Open G Rapid"]
[Site "Pardubice CZE"]
[Date "2011.07.21"]
[Round "8.12"]
[White "Hracek,Z"]
[Black "Plat,V"]
[Result "1-0"]
[WhiteElo "2624"]
[BlackElo "2410"]

1.c4 g6 2.d4 Nf6 3.Nc3 d5 4.cxd5 Nxd5 5.e4 Nxc3 6.bxc3 Bg7 7.Nf3 c5 8.Be3 O-O
9.Qd2 cxd4 10.cxd4 Bg4 11.Ng5 Nc6 12.h3 Bc8 13.Nf3 b6 14.Rc1 Bb7 15.Bb5 Rc8
16.O-O e6 17.Rfd1 a6 18.Be2 Qd6 19.Bf4 Qa3 20.d5 exd5 21.exd5 Nb4 22.Bd6 a5
23.Bxf8 Rxf8 24.d6 Bc6 25.d7 Rd8 26.Rxc6 Nxc6 27.Bb5 Ne5 28.Nxe5 Bxe5 29.Qg5 f6
30.Qd2 Kg7 31.Rc1 Qd6 32.Qxd6 Bxd6 33.Rc8 Be7 34.f4 f5 35.Kf2 Kf7 36.Ke2 Ke6
37.Kd3 Kd5 38.Bc6+ Kc5 39.a4 Bf6 40.Bb5+ Kd5 41.Rc6 Bd4 42.Rc8 Bf6 43.g4 fxg4
44.hxg4 g5 45.f5 h6 46.Rc6 Rxd7 47.Rxf6  1-0

[Event "Najdorf Memorial"]
[Site "Warsaw POL"]
[Date "2011.07.21"]
[Round "8"]
[White "Solys,L"]
[Black "Duda,J"]
[Result "0-1"]
[WhiteElo "2334"]
[BlackElo "2274"]

1.d4 Nf6 2.c4 g6 3.Nc3 d5 4.cxd5 Nxd5 5.e4 Nxc3 6.bxc3 Bg7 7.Bc4 O-O 8.Ne2 c5
9.Be3 Nc6 10.O-O Qc7 11.Rb1 Rd8 12.Qc1 Na5 13.Bd3 b6 14.Rd1 Bb7 15.d5 Qc8
16.c4 Ba6 17.Bd2 Nb7 18.Bc3 e5 19.dxe6 fxe6 20.Bxg7 Kxg7 21.e5 Rd7 22.Nf4 Qe8
23.Qe3 Rad8 24.Qf3 Rd4 25.h4 Qf7 26.g3 Na5 27.h5 Nxc4 28.Qe2 Rxf4 29.gxf4 Rd4
30.Qg4 Nxe5 31.h6+ Kg8 32.Qg2 Nxd3 33.Qa8+ Qf8 34.Qxa7 Rxf4 35.Rd2 Rg4+  0-1

[Event "16th Balaguer Open"]
[Site "Balaguer ESP"]
[Date "2011.07.22"]
[Round "6"]
[White "Volodin,Alek"]
[Black "Mellado Trivino,J"]
[Result "0-1"]
[WhiteElo "2523"]
[BlackElo "2433"]

1.d4 Nf6 2.c4 g6 3.Nc3 d5 4.cxd5 Nxd5 5.e4 Nxc3 6.bxc3 Bg7 7.Nf3 c5 8.Be3 Qa5
9.Bd2 Qc7 10.Be2 O-O 11.O-O Nd7 12.Rb1 e5 13.d5 Nf6 14.Bd3 c4 15.Bc2 Ne8
16.h3 Nd6 17.Bg5 f6 18.Be3 Bd7 19.Kh1 b6 20.Qd2 Rae8 21.Rbe1 Bc8 22.Qc1 f5
23.exf5 gxf5 24.Bh6 f4 25.Bxg7 Qxg7 26.Nd2 Qh6 27.Kh2 Kh8 28.Ne4 Rg8 29.Rg1 Nxe4
30.Bxe4 Rg5 31.Bf3 Reg8 32.Qd1 Rg3 33.Bh5 R8g5 34.Rxe5 Rxe5 35.Qd4 Rg5 36.Bf3 Qd6
37.Qxc4 Bd7 38.Rd1 Re8 39.Qa6 Rg7 40.c4 Qc5 41.Rd2 Qb4 42.Rd4 Qb2  0-1

[Event "4th Paleohora Open"]
[Site "Paleochora GRE"]
[Date "2011.07.22"]
[Round "4"]
[White "Ernst,S"]
[Black "Naoum,S"]
[Result "1-0"]
[WhiteElo "2600"]
[BlackElo "1999"]

1.d4 Nf6 2.c4 g6 3.Nc3 d5 4.cxd5 Nxd5 5.e4 Nxc3 6.bxc3 Bg7 7.Nf3 c5 8.Rb1 O-O
9.Be2 cxd4 10.cxd4 b6 11.O-O Bb7 12.Qd3 Ba6 13.Qe3 Bxe2 14.Qxe2 Nc6 15.d5 Ne5
16.Nd4 Qd7 17.f4 Qa4 18.Rd1 Nc4 19.Nc6 a5 20.Nxe7+ Kh8 21.e5 b5 22.Rb3 Rfe8
23.d6 Rad8 24.Rd5 Bf8 25.Rbxb5 Bxe7 26.dxe7 Rxd5 27.Rxd5 Rxe7 28.Rd4 Rc7
29.e6 fxe6 30.Bb2 e5 31.Rxc4 Qxc4 32.Qxe5+  1-0

[Event "15th Battle of Senta Open"]
[Site "Senta SRB"]
[Date "2011.07.22"]
[Round "8.12"]
[White "Tancik,K"]
[Black "Farkas,Ti"]
[Result "1/2-1/2"]
[WhiteElo "2273"]
[BlackElo "2260"]

1.d4 Nf6 2.c4 g6 3.Nc3 d5 4.cxd5 Nxd5 5.e4 Nxc3 6.bxc3 Bg7 7.Bc4 c5 8.Ne2 Nc6
9.Be3 O-O 10.O-O Bg4 11.f3 Na5 12.Bxf7+ Rxf7 13.fxg4 Rxf1+ 14.Qxf1 cxd4 15.cxd4 e5
16.dxe5  1/2-1/2